00440nam a2200145Ia 4500008004100000020001800041082001200059100002900071245002200100260001000122500001200132942000700144952012800151999001500279260604s9999 xx 000 0 und d a9789391670832 a020 SAI aDr. anupam saigal935857 0aDigital Libraries bAmiga aLibrary cBK 00104070aIIMVbIIMVcGENERALd2026-06-04g2995.00l0o020 SAIp004308r2026-06-04 10:21:14v2995.00w2026-06-04yBKBSAI c8690d8690